[Event "CHI-ch (Women)"]
[Site "Santiago de Chile"]
[Date "2020.02.11"]
[Round "1"]
[White "Abarca Gonzalez, Damaris"]
[Black "Fuentes Inzunza, Lesly"]
[Result "1/2-1/2"]
[WhiteElo "2056"]
[BlackElo "1851"]
[PlyCount "111"]
[EventDate "2020.02.11"]
[EventType "tourn"]
[EventRounds "9"]
[EventCountry "CHI"]
[SourceTitle "CBM 195 Extra"]
[Source "ChessBase"]
[SourceDate "2020.05.31"]
[SourceVersion "1"]
[SourceVersionDate "2020.05.31"]
[SourceQuality "1"]

1. e4 c6 2. d4 d5 3. Nc3 dxe4 4. Nxe4 Nf6 5. Nxf6+ exf6 6. c3 Bd6 7. Bd3 0-0 8. Be3 Re8 9. Ne2 Qc7 10. Qc2 h6 11. h3 Be6 12. 0-0 a5 13. Qd2 h5 14. Nf4 Bxf4 15. Bxf4 Qd7 16. Rfe1 Na6 17. Re3 h4 18. Qe2 g6 19. Re1 Kg7 20. b3 Nc7 21. Qd2 Nd5 22. Rf3 Rh8 23. c4 Nb4 24. Bb1 Rad8 25. Be3 Rh5 26. a3 Na6 27. Qc3 Bf5 28. d5 cxd5 29. Bd4 Rc8 30. Bxf6+ Kg8 31. Bxf5 Rxf5 32. Re7 d4 33. Rxd7 dxc3 34. Rxf5 c2 35. Bb2 gxf5 36. Rd2 Nc5 37. b4 axb4 38. axb4 c1Q+ 39. Bxc1 Nb3 40. Rc2 Nd4 41. Rd2 Nb3 42. Rc2 Nd4 43. Ra2 Rxc4 44. Bd2 Nb3 45. b5 Kg7 46. Kf1 Nxd2+ 47. Rxd2 Rb4 48. Rd5 Kf6 49. Ke2 Ke6 50. Rc5 f6 51. Kd3 Rb2 52. Ke3 Rb3+ 53. Kf4 Rb4+ 54. Ke3 Rb3+ 55. Kd4 Rb2 56. Ke3 1/2-1/2

[Event "CHI-chT"]
[Site "Santiago de Chile"]
[Date "2019.09.12"]
[Round "2.1"]
[White "Galvez Vega, Joan"]
[Black "Abarca Gonzalez, Damaris"]
[Result "0-1"]
[WhiteElo "1546"]
[BlackElo "2057"]
[PlyCount "72"]
[EventDate "2019.09.05"]
[EventType "team-swiss"]
[EventRounds "9"]
[EventCountry "CHI"]
[SourceTitle "CBM 193 Extra"]
[Source "ChessBase"]
[SourceDate "2020.01.31"]
[SourceVersion "1"]
[SourceVersionDate "2020.01.31"]
[SourceQuality "1"]
[WhiteTeam "UTEM"]
[BlackTeam "Ajefem"]
[WhiteTeamCountry "CHI"]
[BlackTeamCountry "CHI"]

1. c4 c6 2. g3 d5 3. Bg2 e5 4. cxd5 cxd5 5. d4 e4 6. Nc3 Nc6 7. e3 Nb4 8. Bf1 h5 9. a3 Nc6 10. Qb3 Nf6 11. Bh3 Bxh3 12. Nxh3 Qd7 13. Nf4 Na5 14. Qb5 Qxb5 15. Nxb5 Nb3 16. Rb1 Rc8 17. 0-0 g5 18. Ng2 a6 19. Nc3 h4 20. gxh4 Bd6 21. f4 gxh4 22. h3 Kd7 23. Kf2 Rcg8 24. Ne2 Rc8 25. Nc3 Bxa3 26. bxa3 Rxc3 27. Rb2 Nxc1 28. Rxb7+ Kc8 29. Rxf7 Nd3+ 30. Kg1 Rg8 31. Kh1 Nh5 32. Rb1 Rg3 33. Rfb7 Rxh3+ 34. Kg1 Ng3 35. Rb8+ Kd7 36. R8b7+ Rc7 0-1

[Event "CHI-ch (Women)"]
[Site "Las Condes"]
[Date "2019.02.16"]
[Round "7"]
[White "Abarca Gonzalez, Damaris"]
[Black "Lemus Pena, Macarena"]
[Result "1-0"]
[WhiteElo "2039"]
[BlackElo "1757"]
[PlyCount "81"]
[EventDate "2019.02.12"]
[EventType "swiss"]
[EventRounds "9"]
[EventCountry "CHI"]
[SourceTitle "CBM 188 Extra"]
[Source "ChessBase"]
[SourceDate "2019.02.26"]
[SourceVersion "1"]
[SourceVersionDate "2019.02.26"]
[SourceQuality "1"]

1. e4 e6 2. d4 d5 3. e5 c5 4. c3 Qb6 5. a3 Nc6 6. Nf3 Nh6 7. b4 cxd4 8. cxd4 Nf5 9. Bb2 Bd7 10. Nc3 Ncxd4 11. Nxd4 Qxd4 12. Qxd4 Nxd4 13. Nxd5 Nc2+ 14. Kd2 0-0-0 15. Kxc2 Ba4+ 16. Kd2 Rxd5+ 17. Ke3 Be7 18. Bc4 Rd7 19. Rhc1 Kb8 20. Rc3 Rhd8 21. Rd3 a5 22. f4 axb4 23. axb4 b5 24. Rxd7 Rxd7 25. Bd4 Bxb4 26. Bd3 Bd2+ 27. Kxd2 Rxd4 28. Ke3 Rd7 29. Bxh7 g6 30. Bg8 Kc7 31. g4 Kd8 32. Rc1 Ke7 33. Rc8 b4 34. Rb8 Bc6 35. f5 exf5 36. gxf5 Bb7 37. f6+ Ke6 38. Re8+ Kf5 39. e6 Bc6 40. exd7 Bxd7 41. Re7 1-0

[Event "Olympiad Women-43"]
[Site "Batumi"]
[Date "2018.09.26"]
[Round "3.23"]
[White "Wafa, Shrook"]
[Black "Abarca Gonzalez, Damaris"]
[Result "0-1"]
[WhiteElo "2136"]
[BlackElo "2037"]
[PlyCount "86"]
[EventDate "2018.09.24"]
[EventType "team-swiss"]
[EventRounds "11"]
[EventCountry "GEO"]
[SourceTitle "EXT 2020"]
[Source "ChessBase"]
[SourceDate "2019.10.17"]
[SourceVersion "1"]
[SourceVersionDate "2019.10.17"]
[SourceQuality "1"]
[WhiteTeam "Egypt (W)"]
[BlackTeam "Chile (W)"]
[WhiteTeamCountry "EGY"]
[BlackTeamCountry "CHI"]

1. e4 c5 2. Nf3 a6 3. d4 cxd4 4. Nxd4 Nf6 5. Bd3 e5 6. Ne2 d5 7. exd5 Qxd5 8. 0-0 Nc6 9. Nbc3 Qd8 10. Ng3 Be7 11. Bg5 0-0 12. Qe2 Be6 13. Rad1 Qc7 14. Rfe1 Rad8 15. h4 Rd4 16. Nce4 Nxe4 17. Bxe4 Rfd8 18. Rc1 h6 19. Be3 R4d7 20. Qh5 Bf8 21. c4 Nb4 22. a3 Nd3 23. Bxd3 Rxd3 24. c5 R8d5 25. Ne4 Qd7 26. Qe2 Qd8 27. Nc3 Rd7 28. g3 Bb3 29. Qg4 Be6 30. Qh5 f6 31. b4 Bf7 32. Qe2 Qe8 33. a4 Bh5 34. g4 Qg6 35. f3 f5 36. Bg5 fxg4 37. fxg4 Rg3+ 38. Kh2 Rxg4 39. Qa2+ Kh7 40. Rf1 Qe8 41. Qc2+ e4 42. Bf4 Rxh4+ 43. Kg1 Qg6+ 0-1

[Event "Olympiad Women-43"]
[Site "Batumi"]
[Date "2018.09.25"]
[Round "2.29"]
[White "Abarca Gonzalez, Damaris"]
[Black "Fisabilillah, Ummi"]
[Result "1/2-1/2"]
[WhiteElo "2037"]
[BlackElo "2227"]
[PlyCount "89"]
[EventDate "2018.09.24"]
[EventType "team-swiss"]
[EventRounds "11"]
[EventCountry "GEO"]
[SourceTitle "EXT 2020"]
[Source "ChessBase"]
[SourceDate "2019.10.17"]
[SourceVersion "1"]
[SourceVersionDate "2019.10.17"]
[SourceQuality "1"]
[WhiteTeam "Chile (W)"]
[BlackTeam "Indonesia (W)"]
[WhiteTeamCountry "CHI"]
[BlackTeamCountry "INA"]

1. e4 e6 2. d4 d5 3. Nc3 Bb4 4. e5 c5 5. a3 Bxc3+ 6. bxc3 Qc7 7. Qg4 f5 8. Qg3 Ne7 9. Bd2 0-0 10. Bd3 Nbc6 11. Nf3 Bd7 12. h4 f4 13. Bxf4 Nf5 14. Bxf5 Rxf5 15. 0-0 Qa5 16. Bh6 Rf7 17. Bd2 cxd4 18. Ng5 Rf5 19. f4 Qc5 20. Kh1 Raf8 21. Qd3 h5 22. cxd4 Qxd4 23. Qe2 g6 24. Nf3 Qa4 25. Rfc1 Nd4 26. Nxd4 Qxd4 27. Be3 Qe4 28. Qd3 Qxd3 29. cxd3 Bc6 30. d4 Rc8 31. Rc3 Rff8 32. Rb1 Kf7 33. Bd2 Ke8 34. Kh2 Kd7 35. Kg3 b6 36. Kf3 Ba4 37. Rbc1 Rxc3+ 38. Rxc3 Rc8 39. Rxc8 Kxc8 40. Ke3 Bc2 41. Bb4 Kd7 42. Kd2 Be4 43. g3 Kc6 44. Kc3 Bf3 45. Bf8 1/2-1/2

[Event "Luque zt 2.5 (Women)"]
[Site "Luque"]
[Date "2017.11.09"]
[Round "3"]
[White "Abarca Gonzalez, Damaris"]
[Black "Amura, Claudia Noemi"]
[Result "1-0"]
[WhiteElo "2005"]
[BlackElo "2255"]
[PlyCount "77"]
[EventDate "2017.11.07"]
[EventType "tourn"]
[EventRounds "7"]
[EventCountry "PAR"]
[SourceTitle "CBM 181 Extra"]
[Source "ChessBase"]
[SourceDate "2017.12.12"]
[SourceVersion "1"]
[SourceVersionDate "2017.12.12"]
[SourceQuality "1"]

1. e4 c5 2. Nc3 g6 3. d4 cxd4 4. Qxd4 Nf6 5. Bb5 Nc6 6. Bxc6 bxc6 7. e5 Nd5 8. Nxd5 cxd5 9. e6 f6 10. Qxd5 Rb8 11. Bf4 Rxb2 12. 0-0-0 Rb7 13. Qc4 h5 14. Rd3 g5 15. Rc3 gxf4 16. Qxc8 Rb8 17. exd7+ Kf7 18. Nf3 e5 19. Qc4+ Kg7 20. g3 Qxd7 21. gxf4 Bb4 22. Rg1+ Kf8 23. Rd3 Qa4 24. Kd1 e4 25. Qc7 exd3 26. Qxb8+ Kf7 27. Qb7+ Be7 28. Qd5+ Kf8 29. Qa8+ Kf7 30. Qd5+ Kf8 31. Nd4 dxc2+ 32. Nxc2 Ke8 33. Qa8+ Bd8 34. Re1+ Kd7 35. Re4 Qxa2 36. Qb7+ Kd6 37. Rd4+ Kc5 38. Qc8+ Kb5 39. Rb4+ 1-0

[Event "Luque zt 2.5 (Women)"]
[Site "Luque"]
[Date "2017.11.08"]
[Round "2"]
[White "Avalos, Leticia"]
[Black "Abarca Gonzalez, Damaris"]
[Result "0-1"]
[WhiteElo "1721"]
[BlackElo "2005"]
[PlyCount "68"]
[EventDate "2017.11.07"]
[EventType "tourn"]
[EventRounds "7"]
[EventCountry "PAR"]
[SourceTitle "CBM 181 Extra"]
[Source "ChessBase"]
[SourceDate "2017.12.12"]
[SourceVersion "1"]
[SourceVersionDate "2017.12.12"]
[SourceQuality "1"]

1. d4 Nf6 2. c4 e6 3. Nc3 Bb4 4. Qc2 b6 5. a3 Bxc3+ 6. Qxc3 Bb7 7. Bg5 d6 8. Nf3 h6 9. Bh4 g5 10. Bg3 Ne4 11. Qc2 f5 12. e3 Nd7 13. Nd2 Qf6 14. f3 Nxg3 15. hxg3 c5 16. Nb3 0-0-0 17. 0-0-0 Kb8 18. Kb1 Bc6 19. Nc1 d5 20. Nd3 dxc4 21. Qxc4 Rc8 22. dxc5 Rhd8 23. Nb4 Nxc5 24. Rxd8 Qxd8 25. Nxc6+ Rxc6 26. Rxh6 Qd1+ 27. Ka2 Rd6 28. Rh7 Rd7 29. Rh8+ Kb7 30. Qb5 a6 31. Qc4 Qe1 32. Be2 Rd2 33. Rh7+ Kc6 34. Bf1 Rd1 0-1

[Event "Luque zt 2.5 (Women)"]
[Site "Luque"]
[Date "2017.11.07"]
[Round "1"]
[White "Abarca Gonzalez, Damaris"]
[Black "Brizzi, Milagros Tatiana"]
[Result "1-0"]
[WhiteElo "2005"]
[BlackElo "2027"]
[PlyCount "81"]
[EventDate "2017.11.07"]
[EventType "tourn"]
[EventRounds "7"]
[EventCountry "PAR"]
[SourceTitle "CBM 181 Extra"]
[Source "ChessBase"]
[SourceDate "2017.12.12"]
[SourceVersion "1"]
[SourceVersionDate "2017.12.12"]
[SourceQuality "1"]

1. e4 c5 2. Nc3 e6 3. g3 Nc6 4. Bg2 Nge7 5. Nge2 a6 6. 0-0 d6 7. d4 cxd4 8. Nxd4 Nxd4 9. Qxd4 Nc6 10. Qd3 Be7 11. Be3 b5 12. a4 b4 13. Ne2 a5 14. f4 0-0 15. Rfd1 Ba6 16. Qd2 Rc8 17. Nd4 Nxd4 18. Bxd4 Qc7 19. Rac1 e5 20. Be3 Qc6 21. b3 Bb7 22. Qd3 f5 23. Qb5 fxe4 24. fxe5 d5 25. Qxa5 Qe6 26. Qb6 Bc6 27. a5 Rb8 28. Bh3 Qg6 29. Qd4 Ra8 30. Ra1 Rfb8 31. Rf1 Rb5 32. Bf5 Qe8 33. a6 Bc5 34. Qd2 Bxe3+ 35. Qxe3 Qxe5 36. a7 d4 37. Qe2 Rb7 38. Qa6 Qc7 39. Be6+ Kh8 40. Qc4 Be8 41. Rf8# 1-0

[Event "American Continental (Women) 10th"]
[Site "Villa Martelli"]
[Date "2017.09.14"]
[Round "9"]
[White "Abarca Gonzalez, Damaris"]
[Black "Palomares, Lujan"]
[Result "1-0"]
[WhiteElo "2019"]
[BlackElo "1259"]
[PlyCount "31"]
[EventDate "2017.09.05"]
[EventType "swiss"]
[EventRounds "9"]
[EventCountry "ARG"]
[SourceTitle "CBM 180 Extra"]
[Source "ChessBase"]
[SourceDate "2017.10.06"]
[SourceVersion "1"]
[SourceVersionDate "2017.10.06"]
[SourceQuality "1"]

1. e4 c6 2. d4 d5 3. e5 Bf5 4. g4 Bg6 5. h4 h6 6. h5 Bh7 7. e6 Nf6 8. exf7+ Kxf7 9. Bd3 Bxd3 10. Qxd3 Ke8 11. Nf3 e6 12. Ne5 Nbd7 13. Qg6+ Ke7 14. Qf7+ Kd6 15. Bf4 Qe7 16. Nc4# 1-0

[Event "American Continental (Women) 10th"]
[Site "Villa Martelli"]
[Date "2017.09.13"]
[Round "8"]
[White "Alboredo, Julia"]
[Black "Abarca Gonzalez, Damaris"]
[Result "1-0"]
[WhiteElo "2120"]
[BlackElo "2019"]
[PlyCount "99"]
[EventDate "2017.09.05"]
[EventType "swiss"]
[EventRounds "9"]
[EventCountry "ARG"]
[SourceTitle "CBM 180 Extra"]
[Source "ChessBase"]
[SourceDate "2017.10.06"]
[SourceVersion "1"]
[SourceVersionDate "2017.10.06"]
[SourceQuality "1"]

1. e4 e5 2. Nf3 Nc6 3. Bb5 Nf6 4. 0-0 Bc5 5. d3 Nd4 6. Nxd4 Bxd4 7. c3 Bb6 8. Ba4 0-0 9. h3 d5 10. Qf3 c6 11. Re1 dxe4 12. dxe4 Bc5 13. Bg5 Be7 14. Rd1 Qc7 15. Nd2 Be6 16. Bb3 Bxb3 17. axb3 Rfd8 18. Nc4 Rxd1+ 19. Rxd1 Rd8 20. Rxd8+ Bxd8 21. Qf5 h6 22. Bh4 g6 23. Qf3 Kg7 24. Bg3 Nd7 25. h4 b5 26. Ne3 Nf6 27. Nc2 Nh5 28. Bh2 Bxh4 29. c4 Bg5 30. Qc3 f6 31. cxb5 c5 32. Ne1 Qd7 33. Qd3 Qd4 34. Qxd4 cxd4 35. Nd3 Kf7 36. Kf1 Ke7 37. Ke2 Ng7 38. g3 h5 39. f4 exf4 40. gxf4 Bh6 41. Nb4 Ne6 42. f5 gxf5 43. exf5 Nf4+ 44. Bxf4 Bxf4 45. Nd5+ Kd6 46. Nxf4 Ke5 47. Nxh5 Kxf5 48. Kd3 Ke5 49. Ng3 Kd5 50. b4 1-0

[Event "American Continental (Women) 10th"]
[Site "Villa Martelli"]
[Date "2017.09.07"]
[Round "3"]
[White "Abarca Gonzalez, Damaris"]
[Black "Martinez, Ayelen"]
[Result "0-1"]
[WhiteElo "2019"]
[BlackElo "2190"]
[PlyCount "60"]
[EventDate "2017.09.05"]
[EventType "swiss"]
[EventRounds "9"]
[EventCountry "ARG"]
[SourceTitle "CBM 180 Extra"]
[Source "ChessBase"]
[SourceDate "2017.10.06"]
[SourceVersion "1"]
[SourceVersionDate "2017.10.06"]
[SourceQuality "1"]

1. e4 c5 2. Nc3 g6 3. g3 Bg7 4. Bg2 Nc6 5. d3 d6 6. Be3 h5 7. h3 Bd7 8. Qd2 Rb8 9. a4 a6 10. f4 b5 11. axb5 axb5 12. Nge2 b4 13. Nd1 Nd4 14. 0-0 Qc8 15. Kh2 Nf6 16. Nxd4 cxd4 17. Bf2 e5 18. b3 Bh6 19. Qe2 h4 20. f5 Nh5 21. Nb2 hxg3+ 22. Bxg3 Nxg3 23. Kxg3 Bf4+ 24. Rxf4 exf4+ 25. Kxf4 Kf8 26. Ra7 Ra8 27. Rxa8 Qxa8 28. fxg6 Qd8 29. Kg3 Qh4+ 30. Kh2 Bxh3 0-1

[Event "CHI-ch (Women)"]
[Site "Santiago de Chile"]
[Date "2017.01.07"]
[Round "9"]
[White "Abarca Gonzalez, Damaris"]
[Black "Santana Gonzalez, Valentina"]
[Result "1-0"]
[WhiteElo "2046"]
[BlackElo "1636"]
[PlyCount "114"]
[EventDate "2017.01.03"]
[EventType "swiss"]
[EventRounds "9"]
[EventCountry "CHI"]
[SourceTitle "CBM 176 Extra"]
[Source "ChessBase"]
[SourceDate "2017.03.02"]
[SourceVersion "1"]
[SourceVersionDate "2017.03.02"]
[SourceQuality "1"]

1. e4 c5 2. Nf3 d6 3. c3 Nf6 4. h3 Nc6 5. Bd3 g6 6. 0-0 Bg7 7. Bc2 0-0 8. Re1 Qc7 9. d4 cxd4 10. cxd4 e6 11. Nc3 a6 12. Be3 b5 13. Rc1 Qd7 14. Qd2 Bb7 15. Bh6 Rad8 16. Bg5 Rc8 17. Nd1 a5 18. a3 b4 19. Ba4 Qd8 20. axb4 Nxb4 21. Rxc8 Qxc8 22. Nc3 Qc4 23. Bb5 Qb3 24. Qe2 Qc2 25. Qxc2 Nxc2 26. Rc1 Nb4 27. Nd2 Rb8 28. f3 h6 29. Be3 Ba6 30. Bxa6 Nxa6 31. b3 Nb4 32. Kf1 Nh5 33. Ne2 Nf6 34. g4 d5 35. e5 Nd7 36. Rc7 Nb6 37. Nc3 Nc2 38. Ke2 Rc8 39. Rxc8+ Nxc8 40. Na4 Na7 41. Nb1 Nc6 42. Kd3 N2b4+ 43. Kc3 Kh7 44. Nc5 Bf8 45. Nb7 Kg7 46. Na3 Na2+ 47. Kb2 Nc3 48. Kxc3 Bxa3 49. Kd3 Bb4 50. f4 Na7 51. Nd8 Nb5 52. Nc6 Nc7 53. Bd2 Na6 54. Nxa5 Ba3 55. Nc6 Bf8 56. b4 Nc7 57. Na7 Be7 1-0

[Event "CHI-ch (Women) playoff"]
[Site "Santiago de Chile"]
[Date "2017.01.07"]
[Round "2"]
[White "Morales Flores, Monserrat"]
[Black "Abarca Gonzalez, Damaris"]
[Result "1-0"]
[WhiteElo "1912"]
[BlackElo "2046"]
[PlyCount "124"]
[EventDate "2017.01.07"]
[EventType "match"]
[EventRounds "4"]
[EventCountry "CHI"]
[SourceTitle "CBM 176 Extra"]
[Source "ChessBase"]
[SourceDate "2017.03.02"]
[SourceVersion "1"]
[SourceVersionDate "2017.03.02"]
[SourceQuality "1"]

1. e4 e5 2. Nf3 Nc6 3. d4 exd4 4. Bc4 Nf6 5. 0-0 Nxe4 6. Re1 d5 7. Bxd5 Qxd5 8. Nc3 Qa5 9. Nxe4 Be6 10. Bg5 h6 11. Bh4 Bb4 12. c3 dxc3 13. bxc3 Be7 14. Bxe7 Kxe7 15. Nd4 Rhd8 16. Nxc6+ bxc6 17. Qf3 Kf8 18. Ng3 Bd5 19. Qf5 Qxc3 20. Qh7 g6 21. Qxh6+ Qg7 22. Qf4 Re8 23. Qxc7 Qc3 24. Rec1 Qe5 25. Qa5 Qd4 26. Rd1 Qf6 27. Qb4+ Kg8 28. h4 Rab8 29. Qg4 Rb2 30. Rf1 Rxa2 31. Rxa2 Bxa2 32. h5 Bd5 33. hxg6 fxg6 34. Qd7 Qf7 35. Qd6 a5 36. Ra1 Ra8 37. Rxa5 Rxa5 38. Qd8+ Kg7 39. Qxa5 Qe7 40. Qc3+ Qf6 41. Qa5 Qe7 42. Nf1 Qe4 43. Ne3 Kf7 44. Qc7+ Kf8 45. Qd6+ Kf7 46. Qc5 Qe6 47. f3 Kg7 48. Kf2 Kf7 49. Ng4 Kg8 50. Qd4 Bc4 51. Qd8+ Kg7 52. Qc7+ Kf8 53. Ne5 Bd5 54. f4 Qf5 55. Kg3 Kg8 56. Qe7 Qe4 57. Qd8+ Kg7 58. Nf3 Qe6 59. Ne5 Qf5 60. Qe7+ Kg8 61. Ng4 Qd3+ 62. Kh2 Qf5 1-0

[Event "CHI-ch (Women) playoff"]
[Site "Santiago de Chile"]
[Date "2017.01.07"]
[Round "3"]
[White "Morales Flores, Monserrat"]
[Black "Abarca Gonzalez, Damaris"]
[Result "1/2-1/2"]
[WhiteElo "1912"]
[BlackElo "2046"]
[PlyCount "123"]
[EventDate "2017.01.07"]
[EventType "match"]
[EventRounds "4"]
[EventCountry "CHI"]
[SourceTitle "CBM 176 Extra"]
[Source "ChessBase"]
[SourceDate "2017.03.02"]
[SourceVersion "1"]
[SourceVersionDate "2017.03.02"]
[SourceQuality "1"]

1. e4 e5 2. Nf3 Nc6 3. d4 exd4 4. Bc4 Nf6 5. 0-0 Nxe4 6. Re1 d5 7. Bxd5 Qxd5 8. Nc3 Qa5 9. Nxe4 Be6 10. Bg5 h6 11. Bh4 Bb4 12. Ned2 0-0 13. a3 Bd6 14. Ne4 Qh5 15. Nxd6 cxd6 16. Bg3 Bg4 17. Bxd6 Rfe8 18. Qd3 Bxf3 19. Qxf3 Qxf3 20. gxf3 Re6 21. Bc5 Rae8 22. Rxe6 fxe6 23. Rd1 b6 24. Bd6 e5 25. c3 Kf7 26. f4 dxc3 27. bxc3 e4 28. Re1 Rd8 29. Bb4 a5 30. Rxe4 axb4 31. axb4 Rd3 32. Rc4 Ne7 33. Rc7 Kf6 34. c4 Rd4 35. Rb7 Rxc4 36. Rxb6+ Rc6 37. Rb5 Nf5 38. Kg2 Nd6 39. Rb8 Rc7 40. Rb6 Ke7 41. Kf3 Rb7 42. Rxb7+ Nxb7 43. Ke4 Ke6 44. f5+ Kd6 45. Kd4 Nd8 46. b5 Nf7 47. f4 Nd8 48. Ke4 Nf7 49. f6 g6 50. f5 g5 51. b6 Kc6 52. b7 Kxb7 53. Kd5 g4 54. Ke6 Ng5+ 55. Ke7 h5 56. f7 Nxf7 57. Kxf7 h4 58. Ke8 g3 59. hxg3 hxg3 60. f6 g2 61. f7 g1Q 62. f8Q 1/2-1/2

[Event "CHI-ch (Women)"]
[Site "Santiago de Chile"]
[Date "2017.01.05"]
[Round "6"]
[White "Fuentes Inzunza, Lesly"]
[Black "Abarca Gonzalez, Damaris"]
[Result "1/2-1/2"]
[WhiteElo "1868"]
[BlackElo "2046"]
[PlyCount "72"]
[EventDate "2017.01.03"]
[EventType "swiss"]
[EventRounds "9"]
[EventCountry "CHI"]
[SourceTitle "CBM 176 Extra"]
[Source "ChessBase"]
[SourceDate "2017.03.02"]
[SourceVersion "1"]
[SourceVersionDate "2017.03.02"]
[SourceQuality "1"]

1. d4 e6 2. Nf3 b6 3. g3 Bb7 4. Bg2 Be7 5. 0-0 f5 6. b3 Nf6 7. Bb2 0-0 8. e3 d6 9. Ng5 Bxg2 10. Kxg2 Qd7 11. c4 h6 12. Nf3 Qe8 13. Nc3 Ne4 14. Qd3 Nxc3 15. Bxc3 Nd7 16. Nd2 Qf7 17. f4 d5 18. b4 c6 19. a4 dxc4 20. Nxc4 Rfd8 21. Rae1 Qf8 22. Qb1 Nf6 23. b5 Rac8 24. Qb3 Nd5 25. Bb2 Bb4 26. Re2 Qe8 27. e4 fxe4 28. bxc6 Qxc6 29. Ne5 Qb7 30. Kg1 e3 31. f5 Qa6 32. Rxe3 Nxe3 33. Qxe6+ Kh7 34. Qg6+ Kg8 35. Qe6+ Kh7 36. Qg6+ Kg8 1/2-1/2

[Event "CHI-ch (Women)"]
[Site "Santiago de Chile"]
[Date "2017.01.04"]
[Round "3"]
[White "Abarca Gonzalez, Damaris"]
[Black "Figueroa Bernal, Julia Dennis Paloma"]
[Result "1-0"]
[WhiteElo "2046"]
[BlackElo "1476"]
[PlyCount "53"]
[EventDate "2017.01.03"]
[EventType "swiss"]
[EventRounds "9"]
[EventCountry "CHI"]
[SourceTitle "CBM 176 Extra"]
[Source "ChessBase"]
[SourceDate "2017.03.02"]
[SourceVersion "1"]
[SourceVersionDate "2017.03.02"]
[SourceQuality "1"]

1. Nf3 d5 2. b3 c6 3. Bb2 Bf5 4. e3 Nf6 5. Be2 e6 6. d4 Bd6 7. 0-0 0-0 8. Nbd2 Nbd7 9. Ne5 Qc7 10. f4 Ne4 11. g4 Nxd2 12. Qxd2 Be4 13. Bd3 f5 14. Bxe4 dxe4 15. Qe2 Bxe5 16. dxe5 Nb6 17. gxf5 exf5 18. Kh1 Rae8 19. Rg1 Re6 20. Rg5 Rh6 21. Rag1 g6 22. Rd1 Re8 23. Rd6 Nd5 24. Qd2 Qg7 25. c4 Nb6 26. e6 Qe7 27. Qd4 1-0

[Event "Olympiad Women-42"]
[Site "Baku"]
[Date "2016.09.06"]
[Round "5.1"]
[White "Cho, Hung Ling"]
[Black "Abarca Gonzalez, Damaris"]
[Result "0-1"]
[WhiteElo "1515"]
[BlackElo "2092"]
[PlyCount "150"]
[EventDate "2016.09.02"]
[EventType "team-swiss"]
[EventRounds "11"]
[EventCountry "AZE"]
[SourceTitle "CBM 174 Extra"]
[Source "ChessBase"]
[SourceDate "2016.10.10"]
[SourceVersion "1"]
[SourceVersionDate "2016.10.10"]
[SourceQuality "1"]
[WhiteTeam "Chinese Taipei (W)"]
[BlackTeam "Chile (W)"]
[WhiteTeamCountry "TPE"]
[BlackTeamCountry "CHI"]

1. e4 c5 2. Nf3 Nc6 3. d4 cxd4 4. Nxd4 Nf6 5. Nc3 e6 6. Be2 Bb4 7. f3 Qa5 8. Nb3 Qb6 9. Bd2 d5 10. exd5 exd5 11. Na4 Qc7 12. Bxb4 Nxb4 13. Nac5 0-0 14. c3 Nc6 15. 0-0 Na5 16. Kh1 Nc4 17. Qc1 Re8 18. Re1 a5 19. Nd3 Bf5 20. Nf2 Bg6 21. Nd4 Re7 22. Bxc4 dxc4 23. Rxe7 Qxe7 24. Nh3 h6 25. Nf4 Bh7 26. Qd2 Re8 27. Qf2 g5 28. Nfe2 Nd5 29. Ng3 Qe5 30. Qe2 Ne3 31. Re1 f5 32. Nf1 f4 33. Nxe3 fxe3 34. Qxc4+ Kh8 35. Ne2 Rd8 36. Nd4 Re8 37. Ne2 Bg8 38. Qd4 Bxa2 39. Qb6 Kh7 40. Qxb7+ Re7 41. Qb6 Qd5 42. Nd4 Bc4 43. Qf6 Rf7 44. Qc6 Rb7 45. Qf6 e2 46. Nf5 Qe6 47. Qxe6 Bxe6 48. Nd4 Bc4 49. b3 Bxb3 50. Rxe2 Bc4 51. Re1 a4 52. Ra1 a3 53. h3 a2 54. Kh2 Rb1 55. Nc2 Kg6 56. Kg3 Bb3 57. h4 Bxc2 58. Rxa2 Bd3 59. hxg5 Kxg5 60. Ra5+ Kf6 61. Rh5 Kg6 62. Rc5 Rb6 63. f4 Be4 64. Kh3 Rb2 65. Kh4 Rxg2 66. Kh3 Rg1 67. Kh4 Rf1 68. Kg3 h5 69. Rg5+ Kh6 70. Rc5 Rf3+ 71. Kh2 Rxf4 72. Rc4 Kg5 73. Rc8 Kh4 74. Rg8 Rf1 75. Rg1 Rf2+ 0-1

[Event "San Sebastian Gros op 26th"]
[Site "San Sebastian"]
[Date "2016.06.28"]
[Round "6"]
[White "Kovacevic, Slobodan"]
[Black "Abarca Gonzalez, Damaris"]
[Result "1-0"]
[WhiteElo "2300"]
[BlackElo "2052"]
[PlyCount "95"]
[EventDate "2016.06.24"]
[EventType "swiss"]
[EventRounds "9"]
[EventCountry "ESP"]
[SourceTitle "EXT 2017"]
[Source "ChessBase"]
[SourceDate "2016.10.25"]
[SourceVersion "1"]
[SourceVersionDate "2016.10.25"]
[SourceQuality "1"]

1. d4 Nf6 2. Bf4 e6 3. Nf3 b6 4. Nbd2 Bb7 5. e3 h6 6. h3 Bd6 7. Bxd6 cxd6 8. c3 d5 9. a4 Nc6 10. Bd3 d6 11. 0-0 0-0 12. Kh2 e5 13. Ne1 Qe7 14. Nc2 Rfe8 15. Re1 Rac8 16. Kg1 Na5 17. Qe2 Ne4 18. Nxe4 dxe4 19. Bb5 Bc6 20. Nb4 Bxb5 21. axb5 exd4 22. exd4 Qg5 23. d5 Rc7 24. Rad1 Re5 25. Rd4 Rce7 26. c4 f5 27. Nc6 Nxc6 28. dxc6 f4 29. Qg4 Qf6 30. Red1 R5e6 31. b3 Kh7 32. h4 g6 33. b4 e3 34. Rxf4 exf2+ 35. Kxf2 Re2+ 36. Kg1 Qe5 37. Rdf1 Kg7 38. Qf3 Qe3+ 39. Qxe3 R2xe3 40. Rd4 Rc3 41. Kh2 h5 42. Rf2 Re8 43. Rfd2 Kh6 44. Rf4 Rd8 45. Rxd6 Rc8 46. Rd7 a6 47. c7 axb5 48. Rff7 1-0